[Event "TUR-ch U13/18"]
[Site "Antalya"]
[Date "2023.01.23"]
[Round "2"]
[White "Arkan, Ege"]
[Black "Durucay, Uygar"]
[Result "0-1"]
[WhiteElo "1432"]
[BlackElo "1926"]
[PlyCount "66"]
[EventDate "2023.01.17"]
[EventType "swiss"]
[EventRounds "10"]
[EventCountry "TUR"]
[SourceTitle "EXT 2024"]
[Source "ChessBase"]
[SourceDate "2023.10.10"]
[SourceVersion "1"]
[SourceVersionDate "2023.10.10"]
[SourceQuality "1"]

1. e4 c6 2. d4 d5 3. exd5 cxd5 4. Bd3 Nc6 5. c3 Nf6 6. Bf4 Bg4 7. Qb3 Qd7 8. Nd2 e6 9. Ngf3 Bxf3 10. Nxf3 Bd6 11. Bxd6 Qxd6 12. 0-0 Rb8 13. Rae1 Nd7 14. c4 dxc4 15. Bxc4 Na5 16. Qc3 Nxc4 17. Qxc4 0-0 18. Rc1 Nb6 19. Qd3 h6 20. Rfd1 Rfd8 21. Ne5 Rbc8 22. Rxc8 Rxc8 23. h3 Qb4 24. b3 Nd5 25. Qf3 Rc7 26. Qg3 Qe7 27. Rd2 Rc1+ 28. Kh2 Rc3 29. Nf3 Qb4 30. Re2 Kh7 31. Qe5 Qb6 32. Qe4+ Kg8 33. Rc2 Qc7+ 0-1